00325nam a2200121Ia 4500008004100000041001200041082001100053100001800064245006600082260002600148300000800174650002100182221030s9999 xx 000 0 und d aEnglish a105.23 aThomas Keffer 0aTools . h ++ Introduction & Reference Manual ( DEPARTMENTAL ) bRoghe WaveaUSAc1995 a138 aCSE Departmental